00335nam a2200133Ia 4500003000400000008004100004020002300045040000800068100002400076245004400100260003200144300001400176365001100190LDD181029s9999 xx 000 0 und d a3339183339c168.00 cLDD aDEKKER, Adrianus J. 0aSolid state physicscAdrianus J. DEKKER aDelhibMcmillan Indiac1957 axiv, 540p b168.00